[Event "European Blitz 2017"]
[Site "Katowice POL"]
[Date "2017.12.15"]
[Round "20.15"]
[White "Georgiev, Kiril"]
[Black "Piorun, Kacper"]
[Result "1/2-1/2"]
[WhiteTitle "GM"]
[BlackTitle "GM"]
[WhiteElo "2623"]
[BlackElo "2651"]
[WhiteFideId "2900017"]
[BlackFideId "1130420"]
[EventDate "2017.12.15"]
[EventType "blitz"]

1. d4 d5 2. Nf3 e6 3. Bf4 Nf6 4. e3 Bd6 5. Bg3 c5 6. c4 cxd4 7. Nxd4 O-O 8. Nc3
Bxg3 9. hxg3 Nc6 10. cxd5 Nxd5 11. Nxc6 bxc6 12. Qc2 h6 13. Bc4 Qa5 14. Rc1 Ba6
15. Qa4 Qxa4 16. Nxa4 Bxc4 17. Rxc4 Nb6 18. Rb4 Nxa4 19. Rxa4 Rfb8 20. b3 a5 21.
Rhh4 c5 22. Rh5 g5 23. Rxh6 Rb4 24. Ra3 Kg7 25. Rh1 c4 26. Ke2 cxb3 27. axb3 Kg6
28. Rc1 a4 29. Rca1 Rc8 30. Rxa4 Rxb3 31. R4a2 Rcb8 32. g4 Rb2+ 33. Kf3 Rxa2 34.
Rxa2 Rb4 35. Kg3 Rb3 36. Ra8 Kg7 37. Ra5 Kg6 38. Kf3 Rb2 39. Ra8 Kg7 40. Ra3 Kg6
41. Kg3 e5 42. Ra6+ f6 43. Kf3 Rc2 44. Ra8 Rb2 45. Rg8+ Kf7 46. Rh8 Kg7 47. Rh1
Kg6 48. Re1 Ra2 49. Kg3 Rb2 50. Rd1 Ra2 51. f3 Ra3 52. Kf2 Ra2+ 53. Kg3 Ra3 54.
Re1 Rb3 55. Re2 Ra3 56. Kf2 Rb3 57. Rd2 Ra3 58. g3 Ra4 59. Kg2 Rb4 60. Re2 Ra4
61. Rf2 Ra3 62. Re2 Ra4 63. Kf2 Rb4 64. Rd2 Ra4 65. Re2 Rb4 66. Kg2 Ra4 67. Rf2
Ra3 68. e4 Ra4 69. Rd2 Rb4 70. Kf2 Ra4 71. Ke3 Ra3+ 72. Rd3 Ra1 73. Ke2 Ra2+ 74.
Rd2 Ra3 75. Kf2 Ra4 76. Rb2 Rc4 77. Kg2 Ra4 78. Rd2 Ra3 79. Re2 Ra4 80. Kh3 Rb4
81. Re3 Ra4 82. Rd3 Rb4 83. Rd8 Ra4 84. Rg8+ Kf7 85. Rd8 Kg6 86. Rd2 Ra3 87. Kg2
Ra4 88. Rc2 Rb4 89. Kf2 Ra4 90. Rb2 Ra3 91. Re2 Rb3 92. Re1 Ra3 93. Re3 Ra2+ 94.
Kf1 Rb2 95. Re2 Rb3 96. Kg2 Ra3 97. Rd2 Rb3 98. Rd6 Kg7 99. Rd7+ Kg6 100. Rd6
Kg7 101. Rd2 Kg6 102. Rc2 Ra3 103. Rb2 Rc3 104. Rf2 Rc4 105. Kf1 Ra4 106. Rd2
Ra3 107. Ke2 Rb3 108. Rd3 Rb2+ 109. Ke3 Rb1 110. Rd2 Rb3+ 111. Rd3 Rb1 112. Rd6
Rb3+ 113. Ke2 Kg7 114. Rc6 Rb2+ 115. Ke3 Rb3+ 116. Ke2 Rb2+ 117. Kf1 Ra2 118.
Rc3 Kg6 119. Re3 Rb2 120. Re2 Rb3 121. Kg2 Ra3 122. Rf2 Ra4 123. Rd2 Ra3 124.
Kf2 Ra4 125. Ke3 Ra3+ 126. Rd3 Ra1 127. f4 exf4+ 128. gxf4 gxf4+ 129. Kxf4 Rf1+
130. Rf3 Re1 131. Rf2 Ra1 132. Rh2 Rf1+ 133. Kg3 Ra1 134. Rf2 Rb1 135. Kf4 Ra1
136. Rf3 Rb1 1/2-1/2

[Event "European Blitz 2017"]
[Site "Katowice POL"]
[Date "2017.12.15"]
[Round "20.16"]
[White "Pavlidis, Antonios"]
[Black "Rocha, Sergio"]
[Result "0-1"]
[WhiteTitle "GM"]
[BlackTitle "IM"]
[WhiteElo "2539"]
[BlackElo "2370"]
[WhiteFideId "4212312"]
[BlackFideId "1900404"]
[EventDate "2017.12.15"]
[EventType "blitz"]

1. e4 g6 2. d4 Bg7 3. Nc3 d5 4. exd5 Nf6 5. Bc4 Nbd7 6. Qf3 O-O 7. Nge2 Nb6 8.
Bb3 a5 9. a4 Bg4 10. Qg3 Bf5 11. Qf3 Bg4 12. Qg3 Bf5 13. Nf4 c6 14. dxc6 bxc6
15. O-O Nfd5 16. Ncxd5 cxd5 17. Rd1 Qd7 18. Nd3 Bxd3 19. Qxd3 Rfc8 20. Bd2 Nc4
21. Bc3 e6 22. Qe2 Qa7 23. Rd3 Rab8 24. Qe1 Ra8 25. Rad1 Nd6 26. g4 Ne4 27. Re3
Qb6 28. f3 Nxc3 29. bxc3 Qd6 30. Kg2 Bh6 31. Red3 Bf4 32. h3 Kg7 33. Qe2 Rh8 34.
Rh1 h5 35. Rdd1 Rac8 36. c4 dxc4 37. Bxc4 hxg4 38. hxg4 Bh2 39. Bd3 Rh4 40. Be4
Rch8 41. d5 exd5 42. Bxd5 Qg3+ 43. Kf1 Qc7 44. c4 Bf4 45. Rxh4 Rxh4 46. Qb2+ Be5
47. Qb7 Qc5 48. Qxf7+ Kh6 49. Rd2 Qe3 50. Qf8+ Bg7 51. g5+ Kh5 52. Qxg7 0-1

[Event "European Blitz 2017"]
[Site "Katowice POL"]
[Date "2017.12.15"]
[Round "20.17"]
[White "Dvirnyy, Danyyil"]
[Black "Heberla, Bartlomiej"]
[Result "1-0"]
[WhiteTitle "GM"]
[BlackTitle "GM"]
[WhiteElo "2532"]
[BlackElo "2555"]
[WhiteFideId "817570"]
[BlackFideId "1115120"]
[EventDate "2017.12.15"]
[EventType "blitz"]

1. d4 d5 2. c4 e6 3. Nc3 Nf6 4. cxd5 exd5 5. Bg5 c6 6. e3 Be7 7. Qc2 Nbd7 8. Bd3
Nh5 9. Bxe7 Qxe7 10. O-O-O Nb6 11. Kb1 Bd7 12. Nge2 g6 13. h3 Ng7 14. g4 O-O-O
15. Na4 Nxa4 16. Qxa4 Kb8 17. Rc1 Ne8 18. Rc3 Nd6 19. Rhc1 c5 20. Qa3 c4 21. Bc2
Rhe8 22. Nf4 Bc6 23. Ba4 Ne4 24. Bxc6 bxc6 25. Qa4 Nxc3+ 26. Rxc3 Qb7 27. b3 Ka8
28. Kc2 Rb8 29. Qa3 Qb4 30. Qc1 Qa5 31. Kb2 Rb6 32. f3 Reb8 33. e4 cxb3 34. axb3
Ra6 35. Kc2 dxe4 36. fxe4 Qb4 37. Kd3 Rd8 38. Ne2 Qb5+ 39. Ke3 Ra2 40. Nf4 g5
41. Nd3 Rh2 42. Qf1 Qb6 43. Nc5 Qb4 44. Rd3 Rb8 1-0

[Event "European Blitz 2017"]
[Site "Katowice POL"]
[Date "2017.12.15"]
[Round "20.18"]
[White "Fedorov, Alexei"]
[Black "Ragger, Markus"]
[Result "1/2-1/2"]
[WhiteTitle "GM"]
[BlackTitle "GM"]
[WhiteElo "2573"]
[BlackElo "2657"]
[WhiteFideId "13500465"]
[BlackFideId "1610856"]
[EventDate "2017.12.15"]
[EventType "blitz"]

1. e4 e5 2. Nf3 Nc6 3. Bc4 Nf6 4. d3 h6 5. O-O d6 6. Re1 Na5 7. Bb3 Nxb3 8. axb3
Be7 9. Nbd2 O-O 10. Nf1 Be6 11. Ng3 Nd7 12. d4 Bg4 13. Be3 exd4 14. Bxd4 Bf6 15.
c3 Ne5 16. Bxe5 Bxe5 17. h3 Bxg3 18. hxg4 Be5 19. Nxe5 dxe5 20. Qxd8 Rfxd8 21.
Red1 a6 22. Kf1 Kf8 1/2-1/2

[Event "European Blitz 2017"]
[Site "Katowice POL"]
[Date "2017.12.15"]
[Round "20.19"]
[White "Fedorchuk, Sergey A."]
[Black "Buhmann, Rainer"]
[Result "1-0"]
[WhiteTitle "GM"]
[BlackTitle "GM"]
[WhiteElo "2648"]
[BlackElo "2584"]
[WhiteFideId "14102536"]
[BlackFideId "4651340"]
[EventDate "2017.12.15"]
[EventType "blitz"]

1. e4 e5 2. Nf3 Nc6 3. Bb5 a6 4. Ba4 Nf6 5. O-O Be7 6. d3 d6 7. c3 O-O 8. Re1
Nd7 9. d4 b5 10. Bb3 Na5 11. Bc2 c5 12. Nbd2 Qc7 13. Nf1 Nc4 14. a4 Rb8 15. b3
Ncb6 16. Ne3 Nf6 17. a5 Nbd7 18. Nd5 Nxd5 19. exd5 Bf6 20. dxe5 Nxe5 21. Ng5
Bxg5 22. Bxg5 Bg4 23. Qd2 Rbe8 24. f4 Ng6 25. f5 Ne5 26. f6 Ng6 27. fxg7 Rxe1+
28. Rxe1 Rc8 29. Bf6 Qd7 30. Qe3 Rb8 31. h3 1-0

[Event "European Blitz 2017"]
[Site "Katowice POL"]
[Date "2017.12.15"]
[Round "20.20"]
[White "Pultinevicius, Paulius"]
[Black "Fridman, Daniel"]
[Result "0-1"]
[WhiteTitle "IM"]
[BlackTitle "GM"]
[WhiteElo "2371"]
[BlackElo "2633"]
[WhiteFideId "12809390"]
[BlackFideId "11600454"]
[EventDate "2017.12.15"]
[EventType "blitz"]

1. Nf3 d5 2. b3 Bg4 3. Bb2 Bxf3 4. exf3 e6 5. f4 Nf6 6. g3 c5 7. Bg2 Nc6 8. O-O
Be7 9. d3 O-O 10. Nd2 Nd7 11. c4 Bf6 12. Bxf6 Nxf6 13. cxd5 exd5 14. Rc1 Qa5 15.
Qc2 b6 16. Nc4 Qa6 17. Qd2 dxc4 18. Bxc6 Rac8 19. Bf3 cxd3 20. Rfd1 Rcd8 21. Rc3
Rd4 22. Rxd3 Rfd8 23. Rxd4 Rxd4 24. Qc1 g6 25. Rd2 Qa5 26. Re2 Qb5 27. Kg2 Qd7
28. h4 h5 29. Qe3 Kg7 30. Qe5 Rd3 31. Be4 Rd2 32. Bf3 Rxe2 33. Qxe2 Qd6 34. Qb2
b5 35. Qa3 Qb6 36. Qb2 c4 37. bxc4 bxc4 38. Qc3 Qa6 39. a3 Qb5 40. Be2 Qb3 41.
Qxc4 Qxa3 42. Bf3 a5 43. Qc7 a4 44. f5 Qb4 45. fxg6 Kxg6 46. Qc2+ Kg7 47. Qc1
Qd6 48. Qg5+ Kf8 49. Qa5 a3 50. Qa8+ Kg7 51. Qa5 Qe7 52. Qg5+ Kf8 53. Qh6+ Ke8
54. Qh8+ Kd7 55. Qa8 Qd6 56. Qa7+ Ke6 57. Qa4 Qc5 58. Qa6+ Ke7 59. Qb7+ Kf8 60.
Qa8+ Kg7 61. Qa4 Qc3 62. Qf4 0-1

[Event "European Blitz 2017"]
[Site "Katowice POL"]
[Date "2017.12.15"]
[Round "20.21"]
[White "Rodshtein, Maxim"]
[Black "Kislinsky, Alexey"]
[Result "0-1"]
[WhiteTitle "GM"]
[BlackTitle "GM"]
[WhiteElo "2699"]
[BlackElo "2513"]
[WhiteFideId "2806851"]
[BlackFideId "14108801"]
[EventDate "2017.12.15"]
[EventType "blitz"]

1. d4 Nf6 2. c4 c5 3. d5 b5 4. cxb5 a6 5. bxa6 g6 6. Nc3 Bxa6 7. g3 d6 8. Bg2
Bg7 9. Nf3 Nbd7 10. Rb1 O-O 11. O-O Qa5 12. Bd2 Rfb8 13. a4 Qd8 14. b3 Bb7 15.
Nh4 Nb6 16. e4 Ba6 17. Re1 Nbd7 18. f4 Bd3 19. Rc1 c4 20. e5 Ne8 21. e6 fxe6 22.
dxe6 Nc5 23. bxc4 Rb2 24. Be3 Bxc4 25. Bxc5 dxc5 26. Nb5 Bxb5 27. axb5 Bd4+ 28.
Kh1 Raa2 29. Rxc5 Rd2 30. Rd5 Rxd1 31. Rxd1 Qb6 32. R5xd4 Qxb5 33. Rd5 Qa4 34.
Rd8 Kg7 35. R8d7 Kf6 36. Nf3 Nd6 37. Rf1 Kxe6 38. Rd8 Kf6 39. Ng5 Qc2 40. Rg1 h6
41. Nf3 Ne4 0-1

[Event "European Blitz 2017"]
[Site "Katowice POL"]
[Date "2017.12.15"]
[Round "20.22"]
[White "Zorko, Jure"]
[Black "Mastrovasilis, Dimitrios"]
[Result "0-1"]
[WhiteTitle "IM"]
[BlackTitle "GM"]
[WhiteElo "2457"]
[BlackElo "2582"]
[WhiteFideId "14604051"]
[BlackFideId "4202694"]
[EventDate "2017.12.15"]
[EventType "blitz"]

1. d4 d5 2. Nf3 Nf6 3. Bf4 c5 4. e3 Nc6 5. Nbd2 Bf5 6. c3 e6 7. Qb3 Qb6 8. Qxb6
axb6 9. Bb5 Be7 10. Ne5 Rc8 11. h3 O-O 12. g4 Bg6 13. Nxg6 hxg6 14. Ke2 Rfd8 15.
a3 Bd6 16. Bxd6 Rxd6 17. f4 Rdd8 18. Bd3 Ne8 19. h4 Nd6 20. h5 gxh5 21. gxh5 Ne7
22. Rag1 Nef5 23. Nf3 Kf8 24. Bxf5 Nxf5 25. Nh4 Nh6 26. Rg5 Rc7 27. Rhg1 f6 28.
Rg6 Rf7 29. Kd3 Re8 30. R1g2 Ng8 31. Rg1 Nh6 32. R6g3 Rc8 33. Ng6+ Kg8 34. Nh4
b5 35. Rg6 Kh7 36. R6g3 b6 37. R3g2 Rcc7 38. Rg3 Rc6 39. R3g2 b4 40. axb4 cxb4
41. cxb4 Rc4 42. b3 Rxb4 43. Kc3 Rb5 44. Ra1 Rc7+ 45. Kb2 Nf7 46. Ng6 Nd6 47.
Nf8+ Kg8 48. Nxe6 Re7 49. Ra8+ Kh7 50. Nf8+ Kh6 51. Ng6 Re8 52. Rxe8 Nxe8 53.
Ne7 Kxh5 54. Nc6 g5 55. fxg5 fxg5 56. b4 g4 57. Ka3 Nd6 58. Na7 Kh4 59. e4 dxe4
60. Rc2 Rd5 61. Nc6 g3 62. Ne7 Rxd4 63. Rc6 Rd3+ 64. Ka4 g2 65. Ng6+ Kg3 66. Ne5
g1=Q 67. Nxd3 exd3 68. Rxd6 Qd1+ 69. Kb5 d2 70. Kxb6 Qc2 71. b5 d1=Q 72. Rxd1
Qxd1 0-1

[Event "European Blitz 2017"]
[Site "Katowice POL"]
[Date "2017.12.15"]
[Round "20.23"]
[White "Moranda, Wojciech"]
[Black "Schneider, Ilja"]
[Result "0-1"]
[WhiteTitle "GM"]
[BlackTitle "IM"]
[WhiteElo "2593"]
[BlackElo "2517"]
[WhiteFideId "1122401"]
[BlackFideId "4663306"]
[EventDate "2017.12.15"]
[EventType "blitz"]

1. Nf3 Nf6 2. c4 c6 3. e3 d5 4. Nc3 a6 5. b3 Bg4 6. Bb2 e6 7. Be2 Bd6 8. h3 Bh5
9. g4 Bg6 10. d3 Nbd7 11. Qc2 Qe7 12. Nh4 Ba3 13. O-O-O O-O-O 14. g5 Ne8 15. f4
Bxb2+ 16. Kxb2 Kb8 17. Bf3 Nd6 18. e4 d4 19. Ne2 e5 20. Qd2 exf4 21. Qxf4 c5 22.
Bg4 Ne5 23. Nf3 Rhe8 24. h4 f6 25. gxf6 Qxf6 26. Qxf6 gxf6 27. Nxe5 Rxe5 28. h5
Bf5 29. Bxf5 Nxf5 30. Rdf1 Ne3 31. Rxf6 Rg8 32. Rf2 Reg5 33. Kc1 Rg2 34. Rh2
R2g5 35. Rh1 Rg2 36. Rxg2 Rxg2 37. Kd2 h6 38. a3 a5 39. e5 Kc7 40. Rg1 Rxg1 41.
Nxg1 Kd7 42. Nf3 Ke6 43. b4 b6 44. b5 Ng4 45. Ke2 Nxe5 46. Nd2 Kf5 47. Ne4 Kg4
48. Nf6+ Kg5 49. Nd5 Nd7 50. Kf3 Kxh5 51. Kf4 Kg6 52. Ne7+ Kf6 53. Ng8+ Kg7 54.
Ne7 Kf7 55. Nf5 h5 56. Kg5 Ne5 57. Nd6+ Ke6 58. Nc8 Nxd3 59. Nxb6 Nb2 60. Kxh5
d3 61. Na4 Nxa4 0-1

[Event "European Blitz 2017"]
[Site "Katowice POL"]
[Date "2017.12.15"]
[Round "20.24"]
[White "Demidov, Mikhail"]
[Black "Kuzmicz, Krystian"]
[Result "1-0"]
[WhiteTitle "IM"]
[BlackTitle "IM"]
[WhiteElo "2523"]
[BlackElo "2460"]
[WhiteFideId "4197143"]
[BlackFideId "1119125"]
[EventDate "2017.12.15"]
[EventType "blitz"]

1. d4 g6 2. Nf3 Bg7 3. g3 c5 4. dxc5 Na6 5. Bg2 Nxc5 6. O-O Nf6 7. c4 O-O 8. Nc3
d6 9. Nd4 Rb8 10. b3 Ne6 11. Nxe6 Bxe6 12. Bb2 a6 13. Qd2 b5 14. cxb5 axb5 15.
e3 Qa5 16. Rfd1 Rfc8 17. Ne2 Qxd2 18. Rxd2 b4 19. Rc1 Rxc1+ 20. Nxc1 Nd7 21.
Bxg7 Kxg7 22. Rc2 Nc5 23. e4 Bd7 24. f3 Bb5 25. Bf1 Kf6 26. Bxb5 Rxb5 27. Kf2
Ke5 28. Ke3 f5 29. exf5 gxf5 30. Ne2 Ne6 31. Rc4 d5 32. Rc6 d4+ 33. Kd3 Nc5+ 34.
Kc4 Ra5 35. Nxd4 1-0

[Event "European Blitz 2017"]
[Site "Katowice POL"]
[Date "2017.12.15"]
[Round "20.25"]
[White "Costachi, Mihnea"]
[Black "Hracek, Zbynek"]
[Result "1-0"]
[WhiteTitle "IM"]
[BlackTitle "GM"]
[WhiteElo "2441"]
[BlackElo "2592"]
[WhiteFideId "1217518"]
[BlackFideId "300071"]
[EventDate "2017.12.15"]
[EventType "blitz"]

1. d4 e6 2. c4 Nf6 3. Nc3 Bb4 4. f3 O-O 5. a3 Bxc3+ 6. bxc3 Nh5 7. Nh3 f5 8. Bg5
Qe8 9. e3 d6 10. Be2 Nc6 11. O-O e5 12. d5 Nd8 13. f4 Nf6 14. Bxf6 Rxf6 15. fxe5
Qxe5 16. Qd4 Nf7 17. Nf4 Bd7 18. Nh5 Rh6 19. Ng3 Re8 20. Bd3 Rf6 21. Rae1 b6 22.
Bb1 Ng5 23. Rf4 g6 24. h4 Nf7 25. Ne4 fxe4 26. Rxf6 Qg3 27. Ref1 Ne5 28. Qxe4
Ng4 29. Rxg6+ 1-0

[Event "European Blitz 2017"]
[Site "Katowice POL"]
[Date "2017.12.15"]
[Round "20.26"]
[White "Klekowski, Maciej"]
[Black "Kantans, Toms"]
[Result "1-0"]
[WhiteTitle "IM"]
[BlackTitle "GM"]
[WhiteElo "2498"]
[BlackElo "2484"]
[WhiteFideId "1132717"]
[BlackFideId "11602945"]
[EventDate "2017.12.15"]
[EventType "blitz"]

1. c4 e5 2. Nc3 Nc6 3. g3 Bc5 4. Bg2 d6 5. e3 a6 6. a3 Ba7 7. Nge2 h5 8. h4 Bg4
9. b4 Qd7 10. Qc2 Nge7 11. Bb2 O-O 12. Rc1 Rae8 13. Nd5 Nd8 14. Kf1 c6 15. Nxe7+
Rxe7 16. f3 Bf5 17. e4 Bh7 18. d4 f5 19. Bh3 exd4 20. Bxd4 b5 21. Kg2 fxe4 22.
f4 Bf5 23. Bxf5 Qxf5 24. Bxa7 Rxa7 25. Nd4 Qg6 26. f5 Qe8 27. Rce1 Re7 28. Rhf1
c5 29. Ne2 Re5 30. Nc3 bxc4 31. Rxe4 cxb4 32. axb4 d5 33. Rd4 Nc6 34. Rxd5 Nxb4
35. Rxe5 Qxe5 36. Qd2 Rxf5 37. Re1 Qf6 38. Ne4 c3 39. Nxf6+ 1-0

[Event "European Blitz 2017"]
[Site "Katowice POL"]
[Date "2017.12.15"]
[Round "20.27"]
[White "Kukula, Pawel"]
[Black "Trent, Lawrence"]
[Result "1-0"]
[BlackTitle "IM"]
[WhiteElo "2181"]
[BlackElo "2436"]
[WhiteFideId "1115081"]
[BlackFideId "408638"]
[EventDate "2017.12.15"]
[EventType "blitz"]

1. d4 d5 2. Nf3 Bf5 3. c4 e6 4. Nc3 Nf6 5. Bf4 c6 6. e3 Qb6 7. Qb3 Nbd7 8. c5
Qxb3 9. axb3 a6 10. b4 Rc8 11. h3 Be7 12. Kd2 O-O 13. Bd3 Ne4+ 14. Bxe4 dxe4 15.
Ne5 Rfd8 16. Nc4 f6 17. Ke2 g5 18. Bh2 Bg6 19. Nd6 Bxd6 20. Bxd6 Kf7 21. g4 h5
22. f3 exf3+ 23. Kxf3 Rh8 24. e4 Rh7 25. gxh5 Rxh5 26. Kg3 Rch8 27. Raf1 Rh4 28.
Re1 R8h7 29. Kg2 Bh5 30. Bg3 e5 31. Bxh4 gxh4 32. d5 Rg7+ 33. Kf2 Rg3 34. Re3
Rg8 35. Rd3 Ke7 36. Rg1 Rxg1 37. Kxg1 Nf8 38. Kf2 Ng6 39. dxc6 bxc6 40. Rd6 Nf4
41. Rxc6 Nxh3+ 42. Kg2 Ng5 43. Rxa6 Bg4 44. Nd5+ Kd8 45. Nxf6 h3+ 46. Kg3 Bc8
47. Rd6+ Ke7 48. Nd5+ Kf7 49. Nc3 Ne6 50. c6 Nf4 51. Nd5 Ne2+ 52. Kh2 Nd4 53.
Rd8 Be6 54. c7 Nf3+ 55. Kg3 h2 56. Rh8 Kg7 57. Rxh2 Nxh2 58. Kxh2 1-0

[Event "European Blitz 2017"]
[Site "Katowice POL"]
[Date "2017.12.15"]
[Round "20.28"]
[White "Castellanos Rodriguez, Renier"]
[Black "Arnaudov, G. Petar"]
[Result "0-1"]
[WhiteTitle "IM"]
[BlackTitle "GM"]
[WhiteElo "2501"]
[BlackElo "2439"]
[WhiteFideId "3404650"]
[BlackFideId "2907127"]
[EventDate "2017.12.15"]
[EventType "blitz"]

1. Nf3 Nf6 2. c4 e6 3. Nc3 Bb4 4. Qc2 d6 5. a3 Bxc3 6. Qxc3 e5 7. d3 a5 8. b3 c5
9. e3 Nc6 10. Be2 O-O 11. Bb2 Re8 12. O-O Bg4 13. Qc2 Rb8 14. Rfe1 Qd7 15. Bc3
b6 16. Rab1 d5 17. cxd5 Nxd5 18. Ba1 f6 19. Rec1 Kh8 20. Qd1 Rbd8 21. h3 Be6 22.
Qc2 Bf7 23. Bf1 Nde7 24. Nd2 Bg6 25. Ne4 f5 26. Ng5 f4 27. Ne4 Nf5 28. Re1 Nd6
29. Rbd1 Qe6 30. Ng5 Qf5 31. Nf3 fxe3 32. fxe3 Qe6 33. Qb2 Nf5 34. Qc3 Ng3 35.
e4 Nd4 36. Nxd4 exd4 37. Qc2 Bf7 38. Rb1 Qe5 39. Be2 Nxe2+ 40. Qxe2 Rc8 41. Rf1
Be6 42. Bb2 Bxb3 43. Bc1 Bg8 44. Rxb6 c4 45. Bf4 cxd3 46. Qxd3 Qxe4 47. Qg3 d3
48. Rd6 Re6 49. Rxe6 Bxe6 50. Re1 Qd4+ 51. Kh2 Qf6 52. Be5 Qg6 53. Qe3 Bd5 54.
Bg3 Bc6 55. Rc1 Re8 56. Qf4 h6 57. Qd4 Re2 58. Rg1 Kh7 59. Qc5 Qe4 60. Bf2 d2 0-1

[Event "European Blitz 2017"]
[Site "Katowice POL"]
[Date "2017.12.15"]
[Round "20.29"]
[White "Tari, Aryan"]
[Black "Brodowski, Piotr"]
[Result "0-1"]
[WhiteTitle "GM"]
[BlackTitle "IM"]
[WhiteElo "2593"]
[BlackElo "2430"]
[WhiteFideId "1510045"]
[BlackFideId "1124480"]
[EventDate "2017.12.15"]
[EventType "blitz"]

1. e4 c5 2. Nf3 Nc6 3. d4 cxd4 4. Nxd4 Nf6 5. Nc3 e5 6. Ndb5 d6 7. Bg5 a6 8. Na3
b5 9. Bxf6 gxf6 10. Nd5 f5 11. Bd3 Be6 12. c3 Bxd5 13. exd5 Ne7 14. Nxb5 Bg7 15.
Na3 O-O 16. O-O e4 17. Bc2 Ng6 18. Qh5 Qf6 19. f4 Rfc8 20. Qe2 Rab8 21. Nc4 Ne7
22. Rad1 Rxb2 23. Nxb2 Qxc3 24. Rd2 Qxb2 25. Bb3 Qa3 26. Rc2 Rc5 27. Rd1 Qa5 28.
Kh1 Bf6 29. Rxc5 Qxc5 30. Qxa6 Ng6 31. Qc6 Qf2 32. Qc2 Qxf4 33. a4 Be5 34. g3
Qf3+ 35. Kg1 Qe3+ 36. Kh1 Qf3+ 37. Kg1 Qe3+ 38. Kh1 f4 39. gxf4 Qf3+ 40. Qg2
Qxb3 41. Rf1 Bg7 42. f5 Nh4 43. Qxe4 Qh3 44. Qe8+ Bf8 45. Rg1+ Ng6 46. Qe4 Qa3
47. fxg6 hxg6 48. Rf1 Qc5 49. Qf3 f5 50. Rg1 Kh7 51. h4 Qd4 52. Qg3 Qxd5+ 53.
Rg2 Qe6 54. a5 d5 55. a6 Qxa6 56. h5 g5 57. Qe5 Qf1+ 58. Kh2 Bg7 59. Qxd5 Qf4+
60. Kh1 Qf1+ 61. Kh2 Qf4+ 62. Kh1 Qh4+ 63. Kg1 Qe1+ 64. Kh2 Be5+ 0-1

[Event "European Blitz 2017"]
[Site "Katowice POL"]
[Date "2017.12.15"]
[Round "20.30"]
[White "Manik, Mikulas"]
[Black "Bartel, Michal"]
[Result "1-0"]
[WhiteTitle "GM"]
[BlackTitle "FM"]
[WhiteElo "2415"]
[BlackElo "2360"]
[WhiteFideId "14900734"]
[BlackFideId "1119257"]
[EventDate "2017.12.15"]
[EventType "blitz"]

1. e4 e5 2. Nf3 Nc6 3. Bb5 a6 4. Ba4 Nf6 5. O-O Be7 6. d3 b5 7. Bb3 d6 8. c3 O-O
9. Re1 Bg4 10. h3 Bh5 11. Bg5 Nd7 12. Be3 Rb8 13. Nbd2 Nc5 14. Bd5 Nxd3 15. Bxc6
Nxe1 16. Qxe1 Kh8 17. Ba7 Ra8 18. Bxa8 Qxa8 19. Be3 Bg6 20. Bg5 f6 21. Bh4 d5
22. exd5 Qxd5 23. Nxe5 Be8 24. Nef3 Bc5 25. Qe4 Qd6 26. Bg3 Qxg3 27. Qe2 Bh5 28.
Rf1 Bb6 29. Qe6 Qf4 30. Qd5 Bf7 31. Qd7 Bxa2 32. b3 b4 33. c4 a5 34. Ra1 a4 35.
Rxa2 axb3 36. Rb2 Ra8 37. Rb1 h6 38. c5 Bxc5 39. Qc6 Ra5 40. Nxb3 Bxf2+ 41. Kxf2
Ra2+ 42. Kg1 Qg3 43. Nbd2 b3 44. Qc4 Rxd2 45. Nxd2 Qe3+ 46. Kh1 Qxd2 47. Qxb3 c5
48. Rd1 Qf4 49. Rd8+ Kh7 50. Qb1+ f5 51. Rd5 Kg6 52. Rxc5 h5 53. Rc6+ Kg5 54.
Qe1 h4 55. Qe7+ 1-0

[Event "European Blitz 2017"]
[Site "Katowice POL"]
[Date "2017.12.15"]
[Round "20.31"]
[White "Zelbel, Patrick"]
[Black "Boe, Mads"]
[Result "1/2-1/2"]
[WhiteTitle "IM"]
[BlackTitle "FM"]
[WhiteElo "2456"]
[BlackElo "2292"]
[WhiteFideId "24624322"]
[BlackFideId "1401408"]
[EventDate "2017.12.15"]
[EventType "blitz"]

1. e4 c6 2. d3 d5 3. Nd2 Nf6 4. Ngf3 Bg4 5. h3 Bh5 6. g4 Bg6 7. Qe2 e6 8. Bg2
Be7 9. Ne5 Nbd7 10. Nxg6 hxg6 11. c3 dxe4 12. Nxe4 Nxe4 13. dxe4 Nc5 14. O-O Qd3
15. Qxd3 Nxd3 16. Rd1 O-O-O 17. Rb1 Bc5 18. Be3 Bxe3 19. fxe3 Ne5 20. Kf2 Rxd1
21. Rxd1 Rd8 22. Rxd8+ Kxd8 23. Bf1 g5 24. Ke2 Ke7 25. Kd2 Kd6 26. Be2 Nd7 27.
b4 Ke5 28. Kd3 Kd6 29. Bd1 b6 30. Be2 Ne5+ 31. Kd2 c5 32. Kc2 cxb4 33. cxb4 a5
34. a3 axb4 35. axb4 Nc6 36. Kc3 Ne5 37. Kd4 Nc6+ 38. Kc3 Ne5 39. Kd4 Nc6+ 40.
Kc3 Ne5 41. Kd4 1/2-1/2

[Event "European Blitz 2017"]
[Site "Katowice POL"]
[Date "2017.12.15"]
[Round "20.32"]
[White "Dziuba, Marcin"]
[Black "Wieczorek, Oskar"]
[Result "1-0"]
[WhiteTitle "GM"]
[BlackTitle "IM"]
[WhiteElo "2584"]
[BlackElo "2463"]
[WhiteFideId "1112953"]
[BlackFideId "1133950"]
[EventDate "2017.12.15"]
[EventType "blitz"]

1. d4 Nf6 2. c4 c5 3. d5 b5 4. cxb5 a6 5. bxa6 g6 6. g3 Bxa6 7. Bg2 d6 8. Nc3
Nbd7 9. Nf3 Bg7 10. Rb1 Nb6 11. b3 Bb7 12. Nh4 O-O 13. O-O Ne8 14. Bb2 Nc7 15.
e4 e6 16. dxe6 Nxe6 17. a4 Nd4 18. Nf3 d5 19. Nxd4 cxd4 20. Nb5 dxe4 21. Bxd4 f5
22. Bxg7 Kxg7 23. Qe2 Nd5 24. Rbc1 Qf6 25. Rfd1 Rac8 26. Qd2 Rfd8 27. Rxc8 Bxc8
28. Bf1 Be6 29. Qd4 Rc8 30. Bc4 Rd8 31. Qxf6+ Kxf6 32. Nc7 1-0

[Event "European Blitz 2017"]
[Site "Katowice POL"]
[Date "2017.12.15"]
[Round "20.33"]
[White "Zelcic, Robert"]
[Black "Tomczak, Mikolaj"]
[Result "0-1"]
[WhiteTitle "GM"]
[BlackTitle "FM"]
[WhiteElo "2501"]
[BlackElo "2372"]
[WhiteFideId "14500310"]
[BlackFideId "1175114"]
[EventDate "2017.12.15"]
[EventType "blitz"]

1. e4 c5 2. Nf3 e6 3. d4 cxd4 4. Nxd4 Nc6 5. Nc3 Qc7 6. Be2 Nf6 7. O-O a6 8. a4
Be7 9. Kh1 O-O 10. f4 d6 11. Be3 Nxd4 12. Qxd4 Rd8 13. Qd3 Bd7 14. a5 Qc8 15.
Bb6 Re8 16. Qg3 Bc6 17. Bd4 g6 18. f5 e5 19. Be3 Nxe4 20. Nxe4 Bxe4 21. f6 Bf8
22. c3 Qc6 23. Rf2 d5 24. Qh4 Rad8 25. Raf1 d4 26. Bh6 Bc5 27. cxd4 Rxd4 28. Qh3
Rb4 29. Be3 Rb3 30. Qh6 Bf8 31. Qg5 h6 32. Qg3 Bc5 33. Bc4 Rxe3 0-1